| 000 | 00640nam a2200229Ia 4500 | ||
|---|---|---|---|
| 999 |
_c938 _d938 |
||
| 020 | _a764650 | ||
| 082 | _a305.420954 TRI; | ||
| 100 | _aSingh, J.P./s | ||
| 245 | 0 | _aTribal women and development | |
| 260 |
_aUdaipur _bTribal Area Development Department _c1985 |
||
| 300 | _axx, 310 p. | ||
| 440 | _aSpecial Number of Tribe ; 17 no.1-4 | ||
| 650 | _aSantal (South Asian people) - West Bengal | ||
| 650 | _aWomen, Bhil (Indic people) | ||
| 650 | _aWomen-Education-India | ||
| 650 | _aWomen in development | ||
| 650 | _aTribes - India | ||
| 700 | _aSingh, J.P. | ||
| 700 | _aVyas, N.N. | ||
| 700 | _aMann, R.S. | ||
| 942 | _cBK | ||